Catálogo

La esencia de la manifestación / (Registro nro. 26598)

Detalles MARC
000 -LEADER
fixed length control field 01494cam a2200397 i 4500
001 - CONTROL NUMBER
control field 26598
003 - CONTROL NUMBER IDENTIFIER
control field Mx-PuUPA
005 - DATE AND TIME OF LATEST TRANSACTION
control field 20250925091718.0
008 - FIXED-LENGTH DATA ELEMENTS--GENERAL INFORMATION
fixed length control field 140415s2015 sp gr 000 0 spa d
017 ## - COPYRIGHT OR LEGAL DEPOSIT NUMBER
Copyright or legal deposit number S. 93-2015
020 ## - INTERNATIONAL STANDARD BOOK NUMBER
International Standard Book Number 9788430118953
Qualifying information empastado
040 ## - CATALOGING SOURCE
Original cataloging agency Mx-PuUPA
Language of cataloging spa
Transcribing agency Mx-PuUPA
Modifying agency Mx-PuUPA
Description conventions rda
041 1# - LANGUAGE CODE
Language code of text/sound track or separate title spa
Language code of original fre
100 1# - MAIN ENTRY--PERSONAL NAME
Personal name Henry, Michel,
Dates associated with a name 1922-2002
9 (RLIN) 16743
Relator term autor
240 12 - UNIFORM TITLE
Uniform title L'essence de la manifestation.
Language of a work Español
245 13 - TITLE STATEMENT
Title La esencia de la manifestación /
Statement of responsibility, etc. Michel Henry ; traducción anotada de Miguel García-Baró y Mercedes Huarte
264 #1 - PRODUCTION, PUBLICATION, DISTRIBUTION, MANUFACTURE, AND COPYRIGHT NOTICE
Place of production, publication, distribution, manufacture Salamanca, España :
Name of producer, publisher, distributor, manufacturer Ediciones Sígueme,
Date of production, publication, distribution, manufacture, or copyright notice 2015
300 ## - PHYSICAL DESCRIPTION
Extent 702 páginas ;
Dimensions 24 cm
336 ## - CONTENT TYPE
Fuente rdacontent
Content type term texto
Content type code txt
337 ## - MEDIA TYPE
Source rdamedia
Media type term sin medio
Media type code n
338 ## - CARRIER TYPE
Source rdacarrier
Carrier type term volumen
Carrier type code nc
490 0# - SERIES STATEMENT
Series statement Hermeneia ;
Volume/sequential designation 100
600 14 - SUBJECT ADDED ENTRY--PERSONAL NAME
Personal name Heidegger, Martín,
Dates associated with a name 1889-1976
General subdivision Crítica e interpretación
650 #7 - SUBJECT ADDED ENTRY--TOPICAL TERM
Source of heading or term armarc
9 (RLIN) 13986
Topical term or geographic name entry element Fenomenología
650 #7 - SUBJECT ADDED ENTRY--TOPICAL TERM
Source of heading or term armarc
Topical term or geographic name entry element Ontología
650 #7 - SUBJECT ADDED ENTRY--TOPICAL TERM
Source of heading or term armarc
Topical term or geographic name entry element Yo (Filosofía)
650 #7 - SUBJECT ADDED ENTRY--TOPICAL TERM
Source of heading or term armarc
Topical term or geographic name entry element Trascendentalismo
700 1# - ADDED ENTRY--PERSONAL NAME
Personal name García-Baró, Miguel,
Relator term traductor
9 (RLIN) 16717
700 1# - ADDED ENTRY--PERSONAL NAME
Personal name Huarte, Mercedes,
Relator term traductor
765 0# - ORIGINAL LANGUAGE ENTRY
Main entry heading Henry, Michel, 1922-2002
Place, publisher, and date of publication France : Presses Universitaires, 2011
Title L'essence de la manifestation.
942 ## - ADDED ENTRY ELEMENTS (KOHA)
Source of classification or shelving scheme Dewey Decimal Classification
Koha item type Libro
Classification part 128.3
Item part H43
Existencias
Withdrawn status Lost status Source of classification or shelving scheme Damaged status Not for loan Collection code Home library Current library Shelving location Date acquired Source of acquisition Total Checkouts Full call number Barcode Date last seen Price effective from Koha item type
    Dewey Decimal Classification     General Biblioteca Karol Wojtyla Biblioteca Karol Wojtyla Sala general 03/12/2013 Donación   128.3 H43 2015 62600 05/01/2026 03/12/2013 Libro